000 00737nam a2200229 i 4500
001 bg
100 1 _aŚLIWIŃSKI, Artur
245 0 _aŻycie wśród Łupieżców :
_bhistoria kryzysów i upadku gospodarczego Polski /
_cArtur Śliwiński.
260 _aWarszawa :
_b"Placet",
_c2004.
300 _a253 s. ;
_c24 cm.
504 _aBibliogr.
650 9 _aKryzys gospodarczy
_zPolska
_yod 1944 r.
651 9 _aPolska
_xgospodarka
_xpolityka
_yod 1944 r.
020 _a8385428933
040 _cBPK
041 0 _apol
080 _a338.12:338.22](438)"1944/..."
920 _a83-85428-93-3
942 _cKS
008 s pl f |000 0 pol
999 _c45407
_d45407
856 _uhttp://koha.tu.koszalin.pl/cgi-bin/koha/opac-detail.pl?biblionumber=45407
_yKatalog online BPK